| 000 | 01123 a2200265 4500 | ||
|---|---|---|---|
| 001 | 47041 | ||
| 005 | 20260407155739.0 | ||
| 008 | 260407a1982 arg spa d | ||
| 003 | AR-UNSa-BCEJYS | ||
| 040 |
_aAR-UNSa-BCEJYS _bspa _cAR-UNSa-BCEJYS |
||
| 080 |
_a330.101.541 _xMacroeconomía |
||
| 245 | 1 | 0 | _aMacroeconomía Moderna |
| 020 | _a0-06-044492-4 | ||
| 250 | _a4a. ed. | ||
| 264 | 1 |
_aMéxico : _bHarla _c1982 |
|
| 300 |
_a685 p. _c23 cm. |
||
| 505 | _a1. Introducción a la economía y al sistema de precios - 2. El sector público, desempleo e inflación - 3. Flujo circular, contabilidad del ingreso nacional y determianción del ingreso - 4. Política monetaria bancaria y de estabilización - 5. Crecimiento - 6. Economía internacional y otros sistemas económicos - | ||
| 942 | _cBK | ||
| 590 | _aniveau_biblio:m niveau_hierar:0 | ||
| 100 | 1 | _aChu Pulido, Mei Mei Alicia | |
| 700 | 1 | _aMiller, Roger LeRoy | |
| 700 | 1 | _aSpagnolo González, Alberto | |
| 700 | 1 | _aPaniagua Bocanegra, Francisco | |
| 856 | 4 | 1 |
_uhttps://www.biblioeco.unsa.edu.ar/pmb/images/libros/L127380.jpg _yImagen de portada _qimage/jpeg |
| 999 |
_c4276 _d4276 |
||